Arab League - Sudden Death - Statistics

General Stats
  • This quiz has been taken 1,209 times
  • The average score is 11 of 21
Answers on the Grid
Answers color-coded by a green-red scale on the quiz's grid according to % correct below.
Afghanistan
Algeria
Bahrain
Bosnia
Brazil
Bulgaria
Chad
Comoros
Democratic Republic of the Congo
Djibouti
Egypt
Eritrea
Ethiopia
Georgia
Ghana
Guatemala
Guinea
Iran
Iraq
Jordan
Kenya
Kuwait
Lebanon
Libya
Mauritania
Morocco
Mozambique
Namibia
Nigeria
Oman
Pakistan
Qatar
Russia
Saudi Arabia
Somalia
South Africa
South Sudan
Spain
Sudan
Syria
Tunisia
Turkey
United Arab Emirates
Yemen
 
Answer Stats
Answer % Correct
Bahrain
77%
Algeria
74%
Egypt
73%
Iraq
59%
United Arab Emirates
58%
Saudi Arabia
56%
Yemen
56%
Jordan
55%
Kuwait
55%
Qatar
55%
Oman
54%
Syria
54%
Tunisia
50%
Lebanon
49%
Libya
49%
Morocco
49%
Sudan
40%
Djibouti
36%
Mauritania
34%
Comoros
33%
Somalia
32%
No matching quizzes found
Score Distribution
Percent of People with Each Score
Percentile by Number Answered
Your Score History
You have not taken this quiz